=LDR 00000nam 2200000 4500 =001 NUTBA000000000005906 =005 20141112135957.0 =006 =007 =008 =020 ##$$a 9799409845 =035 ##$$a 0010-111400000000385 =040 ##$$a NBPDMAT =082 ##$$a 613 =090 ##$$a 613 $b Eko m =100 ##$$a Eko Supatmawati =245 ##$$a Mari mulai hidup sehat / $c Eko Supatmawati =260 ##$$a Surabaya : $b Insan Cendekia, $c 2008 =300 ##$$a iv, 12 hlm. : $b ilus. ; $c 29 cm. =500 ##$$a Bibliografi : hlm. 12 =650 ##$$a Kesehatan =850 ##$$a NBPDMAT